000 00602nam a2200241Ia 4500
003 OSt
005 20220924150033.0
006 a|||||r|||| 00| 0
007 ta
008 220923b |||||||| |||| 00| 0 tel d
020 _c25.00
024 _a331459
037 _cTextual
040 _aARTS
_cARTS
_btel
041 _2tel
_atel
082 _a035:g, M9
100 _aRao Varada Rajeswara Au.
_9221128
245 0 _aKavan kutoehalam
260 _c1989
650 _aTELUGU LITERATURE
942 _h035:g, M9
_cTEXL
_2CC
999 _c462021
_d462021